1 Samuel : (Record no. 21195)
[ view plain ]
| 000 -LEADER | |
|---|---|
| fixed length control field | 03768cam a22003854a 4500 |
| 001 - CONTROL NUMBER | |
| control field | 14783645 |
| 003 - CONTROL NUMBER IDENTIFIER | |
| control field | OSt |
| 005 - DATE AND TIME OF LATEST TRANSACTION | |
| control field | 20260213103744.0 |
| 008 - FIXED-LENGTH DATA ELEMENTS--GENERAL INFORMATION | |
| fixed length control field | 070326s2008 ilu b 001 0 eng |
| 010 ## - LIBRARY OF CONGRESS CONTROL NUMBER | |
| LC control number | 2007012468 |
| 020 ## - INTERNATIONAL STANDARD BOOK NUMBER | |
| International Standard Book Number | 9781581348736 |
| Qualifying information | hc |
| 020 ## - INTERNATIONAL STANDARD BOOK NUMBER | |
| International Standard Book Number | 1581348738 |
| Qualifying information | hc |
| 035 ## - SYSTEM CONTROL NUMBER | |
| System control number | 14783645 |
| 040 ## - CATALOGING SOURCE | |
| Original cataloging agency | DLC |
| Transcribing agency | DLC |
| Modifying agency | DLC |
| 050 00 - LIBRARY OF CONGRESS CALL NUMBER | |
| Classification number | BS1325.53 |
| Item number | .W66 2008 |
| 082 00 - DEWEY DECIMAL CLASSIFICATION NUMBER | |
| Classification number | 222/.4307 |
| Edition number | 22 |
| 100 1# - MAIN ENTRY--PERSONAL NAME | |
| Personal name | Woodhouse, John, |
| Dates associated with a name | 1949- |
| 245 10 - TITLE STATEMENT | |
| Title | 1 Samuel : |
| Remainder of title | looking for a leader / |
| Statement of responsibility, etc. | John Woodhouse ; R. Kent Hughes, general editor. |
| 260 ## - PUBLICATION, DISTRIBUTION, ETC. (IMPRINT) | |
| Place of publication, distribution, etc. | Wheaton, Ill. : |
| Name of publisher, distributor, etc. | Crossway Books, |
| Date of publication, distribution, etc. | c2008. |
| 300 ## - PHYSICAL DESCRIPTION | |
| Extent | 669 p. ; |
| Dimensions | 24 cm. |
| 336 ## - CONTENT TYPE | |
| Content type term | text |
| Content type code | txt |
| Source | rdacontent |
| 337 ## - MEDIA TYPE | |
| Media type term | unmediated |
| Media type code | n |
| Source | rdamedia |
| 338 ## - CARRIER TYPE | |
| Carrier type term | volume |
| Carrier type code | nc |
| Source | rdacarrier |
| 490 0# - SERIES STATEMENT | |
| Series statement | Preaching the Word |
| 504 ## - BIBLIOGRAPHY, ETC. NOTE | |
| Bibliography, etc | Includes bibliographical references (p. [555]-631) and index. |
| 505 0# - FORMATTED CONTENTS NOTE | |
| Formatted contents note | Samuel : the leader God provided (1 Samuel 1-7) -- The leadership crisis (1 Samuel 1:1-2) -- Does God care? (1 Samuel 1:3-28) -- The God of knowledge (1 Samuel 2:1-10) -- Corruption and ineptitude (1 Samuel 2:11-26) -- God and corruption (1 Samuel 2:27-36) -- When God speaks (1 Samuel 3) -- The problem of the power of God (1 Samuel 4:1-11) -- Where is the glory? (1 Samuel 4:12-22) -- The problem of the power of God (1 samuel 5) -- Knowing the power of God (1 Samuel 6) -- Effective leadership (1 Samuel 7) -- Saul : the leader the people asked for (1 Samuel 8-15) -- The leader Israel wanted (1 Samuel 8) -- Lost donkeys and the Word of God (1 Samuel 9) -- The secret of the kingdom (1 Samuel 10:1-16) -- The king and the kingdom (1 Samuel 10:17-27) -- The kingdom at war (1 Samuel 11:1-11) -- Kingdom renewal (1 Samuel 11:12-15) -- Kingdom renewal (1 Samuel 12) -- The fool (1 Samuel 13) -- A leader who trusted God (1 Samuel 14:1-23) -- Disobedience and foolishness (1 Samuel 14:24-52) -- The leader who let them down (1 Samuel 15:1-11) -- The rejected king (1 Samuel 15:12-35) -- David : the leader according to God's own heart (1 Samuel 16-31) -- See as God sees (1 Samuel 16:1-13) -- Two kings : a confusing world (1 Samuel 16:14-23) -- The enemy (1 Samuel 17:1-11) -- The God of the unexpected (1 Samuel 17:12-30) -- The gospel of David (1 Samuel 17:31-40) -- David and Goliath (1 Samuel 17:41-58) -- Do you love Him? (1 Samuel 18:1-16) -- Love him or fear Him (1 Samuel 18:17-30) -- Against the Lord and his anointed (1 Samuel 19:1-10) -- The Lord holds them in derision (1 Samuel 19:11-24) -- What do you fear? (1 Samuel 20:1-23) -- If anyone does not hate his own father(1 Samuel 20:24-42) -- Have you not read what David did? (1 Samuel 21:1-9) -- Out of the frying pan (1 Samuel 21:10-15) -- God chose what was low and despised in the world (1 Samuel 22:1-5) -- The antichrist (1 Samuel 22:6-23) -- The Christ must suffer (1 Samuel 23:1-14) -- Therefore we do not lose heart (1 Samuel 23:15-29) -- He did not revile in return (1 Samuel 24) -- Vengeance belongs to the Lord (1 Samuel 25) -- Righteousness and faithfulness (1 Samuel 26) -- Clever and cunning success (1 Samuel 27) -- Having no hope and without God (1 Samuel 28) -- The trial of David (1 Samuel 29) -- A king who gives! (1 Samuel 30) -- The king is dead (1 Samuel 31). |
| 630 00 - SUBJECT ADDED ENTRY--UNIFORM TITLE | |
| Uniform title | Bible. |
| Name of part/section of a work | Samuel, 1st |
| Form subdivision | Commentaries. |
| 655 #7 - INDEX TERM--GENRE/FORM | |
| Genre/form data or focus term | Commentaries. |
| Source of term | lcgft |
| Authority record control number | https://id.loc.gov/authorities/genreForms/gf2025026014 |
| 700 1# - ADDED ENTRY--PERSONAL NAME | |
| Personal name | Hughes, R. Kent, |
| Dates associated with a name | 1942- |
| 856 41 - ELECTRONIC LOCATION AND ACCESS | |
| Materials specified | Table of contents only |
| Uniform Resource Identifier | <a href="http://www.loc.gov/catdir/toc/ecip0714/2007012468.html">http://www.loc.gov/catdir/toc/ecip0714/2007012468.html</a> |
| 906 ## - LOCAL DATA ELEMENT F, LDF (RLIN) | |
| a | 7 |
| b | cbc |
| c | orignew |
| d | 1 |
| e | ecip |
| f | 20 |
| g | y-gencatlg |
| 942 ## - ADDED ENTRY ELEMENTS (KOHA) | |
| Source of classification or shelving scheme | Library of Congress Classification |
| Koha item type | General Collection |
| Withdrawn status | Lost status | Source of classification or shelving scheme | Not for loan | Home library | Current library | Shelving location | Date acquired | Source of acquisition | Inventory number | Total Checkouts | Full call number | Barcode | Date last seen | Copy number | Price effective from | Koha item type |
|---|---|---|---|---|---|---|---|---|---|---|---|---|---|---|---|---|
| Library of Congress Classification | Kabarak, Main Campus | Kabarak, Main Campus | General Stacks | 13/02/2026 | Donation | 2025/3515 | BS1325.53 .W66 2008 C.1 | 38407 | 13/02/2026 | C.1 | 13/02/2026 | General Collection |